Canada 2026 FIFA World Cup Squad - Statistics

General Stats
  • This quiz has been taken 3 times
  • The average score is 6 of 27
Answer Stats
# Position Player % Correct
19 DF © Alphonso Davies
100%
10 FW Jonathan David
100%
2 DF Alistair Johnston
50%
9 FW Cyle Larin
50%
1 GK Dayne St. Clair
50%
24 FW Promise David
50%
22 DF Richie Laryea
50%
7 MF Stephen Eustáquio
50%
17 MF Tajon Buchanan
50%
4 DF Alfie Jones
0%
20 MF Ali Ahmed
0%
13 DF Derek Cornelius
0%
8 MF Ismaël Koné
0%
14 MF Jacob Shaffelburg
0%
Manager Jesse Marsch
0%
5 DF Joel Waterman
0%
21 MF Jonathan Osorio
0%
11 MF Liam Millar
0%
3 DF Luc de Fougerolles
0%
26 MF Marcelo Flores
0%
6 MF Mathieu Choinière
0%
16 GK Maxime Crépeau
0%
15 DF Moïse Bombito
0%
25 MF Nathan Saliba
0%
23 DF Niko Sigur
0%
18 GK Owen Goodman
0%
12 FW Tani Oluwaseyi
0%
No matching quizzes found
Score Distribution
Percent of People with Each Score
Percentile by Number Answered
Your Score History
You have not taken this quiz